000 00695nam a2200193Ii 4500
003 JO-AjNU
008 230605s9999||||xx |||||||||||||| ||und||
040 _aJO-AjNU
_bara
_erda
_cJO-AjNU
041 _aara
050 1 4 _aPJ7545.H37 2005
100 3 _aحسب الله،بهاء,
_eauthor
_924547
245 0 0 _aظواهر أدبية في الشعر العربي القديم والمعاصر
264 3 1 _aالاسكندرية: دار الوفاء لدنيا الطباعة والنشر، 2005
300 _a216ص
336 _atext
_btxt
_2rdacontent
337 _aunmediated
_bn
_2rdamedia
338 _avolume
_bnc
_2rdacarrier
650 4 _aالشعر العربي-تاريخ ونقد
_924548
999 _aA9057
_c12625
_d12625